| 000 | 01124nam a2200229Ia 4500 | ||
|---|---|---|---|
| 003 | Ost | ||
| 005 | 20260507075000.0 | ||
| 008 | 260507s9999||||xx |||||||||||||| ||und|| | ||
| 020 | _a9957477021 | ||
| 040 | _cfsecg | ||
| 041 | _aara | ||
| 082 | _a1.4 | ||
| 100 |
_aزايد، فهد خليل _eمؤلف |
||
| 245 | 0 |
_aأساسيات منهجية البحث في العلوم الانسانية : _bالمشروع التطويري،البحث العلمي والتربوي،كتابة الرسالة والأطروحة / _c فهد خليل زايد |
|
| 260 |
_aعمان: _bدار النفائس, _c2006 |
||
| 300 |
_a272 صفحة؛ _bإيضاحات ؛ _c24 سم |
||
| 504 | _aببليوغرافيا:ص.249-260 ؛ فهرس الجداول:ص.246-247 الملاحق:ص.240-245 | ||
| 520 | _aالبحث والرتبة والإنسان،أساسيات البحث العلمي،تصنيف البحوث التربوية،المشروعات التطويرية،كيف تكتب بحثا علميا،كيف تكتب رسالة أو أطروحة | ||
| 653 | _aالبحوث | ||
| 653 | _aطرق البحث | ||
| 942 | _cكتاب | ||
| 999 |
_c42068 _d42068 |
||